Reprodukcia spoločenskej pracovnej sily v krajinách RVHP v súčasnej etape rozvoja socializmu z hľadiska významu niektorých odvetví nevýrobnej sféry

Enregistré dans:
Détails bibliographiques
Auteur principal: Lisá, Eva
Collectivité auteur: Vysoká škola ekonomická v Bratislave. Národohospodárska fakulta
Autres auteurs: Košnár, Jozef
Format: Livre
Langue:slovaque
Publié: Bratislava 1986
Tags: Ajouter un tag
Pas de tags, Soyez le premier à ajouter un tag!

MARC

LEADER 00000nam a2200000 4500
001 c040313
005 20260108074904.2
041 0 |a slo 
044 |a SK 
245 1 0 |a Reprodukcia spoločenskej pracovnej sily v krajinách RVHP v súčasnej etape rozvoja socializmu  |b z hľadiska významu niektorých odvetví nevýrobnej sféry  |c Eva Lisá ; Ved. práce Jozef Košnár 
264 1 |a Bratislava  |c 1986 
300 |a 168 s. 
100 1 |a Lisá, Eva 
700 1 |a Košnár, Jozef 
710 2 |a Vysoká škola ekonomická v Bratislave. Národohospodárska fakulta